00265nam a2200109Ia 4500008004100000100001500041245004400056260002300100300001000123942000700133999001500140190216s9999||||xx |||||||||||||| ||und|| aShukla S M 0aPractical Problems In Advanced Accounts bS Chand & Coc1988 a1362p cBK c5065d5065